Huwelik op Kontrak / (Record no. 755237)

MARC details
000 -LEADER
fixed length control field 00520nam a22002057a 4500
003 - CONTROL NUMBER IDENTIFIER
control field 3228
005 - DATE AND TIME OF LATEST TRANSACTION
control field 20250410123752.0
008 - FIXED-LENGTH DATA ELEMENTS--GENERAL INFORMATION
fixed length control field 250410b sa ||||| |||| 00| 1 AFR d
020 ## - INTERNATIONAL STANDARD BOOK NUMBER
International Standard Book Number <a href="0799334839">0799334839</a>
Qualifying information (pbk)
040 ## - CATALOGING SOURCE
Original cataloging agency RDA
Transcribing agency 2000
041 ## - LANGUAGE CODE
Language Afrikaans
082 ## - DEWEY DECIMAL CLASSIFICATION NUMBER
Classification number AF HAME
942 ## - ADDED ENTRY ELEMENTS
Modifier ID 296
Modifier Name Phillipina Naude
100 ## - MAIN ENTRY--PERSONAL NAME
Personal name Hamersma, Elsa
245 ## - TITLE STATEMENT
Title Huwelik op Kontrak /
Statement of responsibility, etc. Elsa Hamersma
260 ## - PUBLICATION, DISTRIBUTION, ETC.
Place of publication, distribution, etc. Pretoria :
Name of publisher, distributor, etc. Romanza,
Date of publication, distribution, etc. 2005
300 ## - PHYSICAL DESCRIPTION
Extent 198 pages
Dimensions 17 cm.
655 #0 - INDEX TERM--GENRE/FORM
9 (RLIN) 189056
Genre/form data or focus term Afrikaans Fiction
655 #0 - INDEX TERM--GENRE/FORM
9 (RLIN) 188216
Genre/form data or focus term Light Romance
942 ## - ADDED ENTRY ELEMENTS
Source of classification or shelving scheme Dewey Decimal Classification
item type Books
Holdings
Withdrawn status Lost status Damaged status Not for loan Home library Current library Date acquired Total Checkouts Barcode Date last seen Date last checked out Price effective from Source of classification or shelving scheme Collection code Shelving location Full call number item type Public note
        Klipfontein PL (MMID-PLEM-KLIP) Klipfontein PL (MMID-PLEM-KLIP) 10.04.2025   138107 10.04.2025   10.04.2025 Dewey Decimal Classification Fiction Fiction AF HAME Books D116874
        Mbombela City Library Mbombela City Library 12.07.2023 2 330100010136638 11.08.2023 29.07.2023 12.07.2023